000 00952nas a2200265 4500
001 BR2022000573
003 BR-BrBNA
005 20231205132306.0
007 ta
008 230509b bl.|||p| |||| 00| 00por d
040 _aBR-BrBNA
_bpor
_cBiblioteca Nacional de Agricultura
041 _a(Pt)
072 _aP01; K10
100 1 _aDevide, A.C.P.
100 1 _aSilva, D. de O.G.
245 1 _aSoluções baseadas na natureza na formação de corredor ecológico em Pindamonhangaba, São Paulo, Brasil
650 _aFLORESTA URBANA
650 _aEUTERPE EDULIS
650 _aINVENTÁRIO FLORESTAL
650 _aSISTEMA DE INFORMAÇÃO GEOGRÁFICA
773 0 _tNativa. Pesquisas Agrárias e Ambientais (Brazil)
_xISSN 2318-7670
_g(2022), v. 10(2) p. 250-258
_wBR2022000573
856 4 0 _uhttps://periodicoscientificos.ufmt.br/ojs/index.php/nativa/article/view/13522/11004
909 _a202311
_bLúcia
_c55
_dLúcia Elande
942 _2AGRIS
_n0
_cANA
999 _c259519
_d259519